A Decade of Football - 1960s - Statistics

General Stats
  • This quiz has been taken 30 times
    26 since last reset
  • The average score is 79 of 110
Answer Stats
Hint Answer % Correct
1960 La Liga Barcelona
100%
1960 Inter-Cities Fairs Cup Barcelona
100%
1966 Inter-Cities Fairs Cup Barcelona
100%
1964 First Division Liverpool
100%
1966 First Division Liverpool
100%
1968 First Division Manchester City
100%
1965 First Division Manchester United
100%
1967 First Division Manchester United
100%
1968 European Cup Manchester United
100%
1960 European Cup Real Madrid
100%
1961 La Liga Real Madrid
100%
1962 La Liga Real Madrid
100%
1963 La Liga Real Madrid
100%
1964 La Liga Real Madrid
100%
1965 La Liga Real Madrid
100%
1966 European Cup Real Madrid
100%
1967 La Liga Real Madrid
100%
1968 La Liga Real Madrid
100%
1969 La Liga Real Madrid
100%
1967 Cup Winners' Cup Bayern Munich
94%
1969 Bundesliga Bayern Munich
94%
1963 First Division Everton
94%
1963 Serie A Inter Milan
94%
1964 European Cup Inter Milan
94%
1965 Serie A Inter Milan
94%
1965 European Cup Inter Milan
94%
1966 Serie A Inter Milan
94%
1960 Serie A Juventus
94%
1961 Serie A Juventus
94%
1967 Serie A Juventus
94%
1962 Serie A Milan
94%
1963 European Cup Milan
94%
1968 Serie A Milan
94%
1968 Cup Winners' Cup Milan
94%
1969 European Cup Milan
94%
1963 German Championship Borussia Dortmund
88%
1966 Cup Winners' Cup Borussia Dortmund
88%
1966 World Cup England
88%
1968 Inter-Cities Fairs Cup Leeds United
88%
1969 First Division Leeds United
88%
1961 Inter-Cities Fairs Cup Roma
88%
1961 First Division Tottenham Hotspur
88%
1963 Cup Winners' Cup Tottenham Hotspur
88%
1962 World Cup Brazil
82%
1967 European Cup Celtic
82%
1960 German Championship Hamburg
82%
1960 French Division 1 Reims
82%
1962 French Division 1 Reims
82%
1964 French Division 1 Saint-Étienne
82%
1967 French Division 1 Saint-Étienne
82%
1968 French Division 1 Saint-Étienne
82%
1969 French Division 1 Saint-Étienne
82%
1961 European Cup Benfica
76%
1962 European Cup Benfica
76%
1962 First Division Ipswich Town
76%
1962 German Championship Köln
76%
1964 Bundesliga Köln
76%
1965 CONCACAF Championship Mexico
76%
1960 Asian Cup South Korea
76%
1960 European Championship Soviet Union
76%
1964 European Championship Spain
76%
1967 South American Championship Uruguay
76%
1960 Panamerican Championship Argentina
71%
1962 Cup Winners' Cup Atlético Madrid
71%
1966 La Liga Atlético Madrid
71%
1966 Ballon d'Or Bobby Charlton
71%
1961 Cup Winners' Cup Fiorentina
71%
1969 Serie A Fiorentina
71%
1968 European Championship Italy
71%
1960 First Division Burnley
65%
1960 CCCF Championship Costa Rica
65%
1961 CCCF Championship Costa Rica
65%
1963 CONCACAF Championship Costa Rica
65%
1969 CONCACAF Championship Costa Rica
65%
1965 Ballon d'Or Eusébio
65%
1968 Asian Cup Iran
65%
1961 French Division 1 Monaco
65%
1963 French Division 1 Monaco
65%
1969 Inter-Cities Fairs Cup Newcastle United
59%
1961 German Championship Nürnberg
59%
1968 Bundesliga Nürnberg
59%
1965 Bundesliga Werder Bremen
59%
1963 South American Championship Bolivia
53%
1964 Asian Cup Israel
53%
1965 French Division 1 Nantes
53%
1966 French Division 1 Nantes
53%
1962 Inter-Cities Fairs Cup Valencia
53%
1963 Inter-Cities Fairs Cup Valencia
53%
1966 Bundesliga 1860 Munich
47%
1964 Serie A Bologna
47%
1968 AFCON Congo-Kinshasa
47%
1968 Ballon d'Or George Best
47%
1967 CONCACAF Championship Guatemala
47%
1964 Cup Winners' Cup Sporting CP
47%
1962 AFCON Ethiopia
41%
1963 AFCON Ghana
41%
1965 AFCON Ghana
41%
1963 Ballon d'Or Lev Yashin
41%
1965 Cup Winners' Cup West Ham United
35%
1964 Ballon d'Or Denis Law
29%
1969 Ballon d'Or Gianni Rivera
29%
1960 Ballon d'Or Luis Suárez
29%
1967 Bundesliga Eintracht Braunschweig
24%
1964 Inter-Cities Fairs Cup Real Zaragoza
24%
1967 Ballon d'Or Flórián Albert
18%
1969 Cup Winners' Cup Slovan Bratislava
18%
1967 Inter-Cities Fairs Cup Dinamo Zagreb
12%
1965 Inter-Cities Fairs Cup Ferencváros
12%
1962 Ballon d'Or Josef Masopust
12%
1961 Ballon d'Or Omar Sivori
12%
No matching quizzes found
Score Distribution
Percent of People with Each Score
Percentile by Number Answered
Your Score History
You have not taken this quiz since the last reset